000 01161cam a2200301 a 4500
001 000015450
005 20200929164038.0
008 971201s1994 sp 000 0 spa
010 _a97219951
020 _a8478202153
035 _a(SpBaP)pu 950003266
040 _aDO-SdBNP
_bspa
_cBNPHU
082 _a150
_bI12p
100 1 _aIbarz Serrat, Virgilio.
_d1950 -
_934902
245 1 3 _aLa psicología en la obra de Santiago Ramón y Cajal /
_cVirgilio Ibarz Serrat ; prólogo Manuel Villegas Besora.
260 _aZaragoza :
_bInstitucion "Fernando el Católico",
_c1994.
300 _a213 p. ;
_c31 cm.
490 1 _aInstitución "Fernando el Católico"
_v1652
500 _aIncluye nota de postedición (p. 207)
500 _aIncluye datos biográficos del autor en la solapa de la cubierta.
504 _aIncluye referencias bibliográficas 193 -203.
650 1 0 _aRamón y cajal, santiago
_d1852-1934
_xCrítica e interpretación
_934903
653 _aPSICOLOGÍA
700 1 _aVillegas Besora, Manuel,
_epról.
_934904
830 0 _aInstitución "Fernando el Católico" ;
_v1652
_916722
910 _aCatalogación por copia / LC
049 _aBNGR
999 _c15007
_d15007